10 Najwartościowszych Francuzów - Statystyki

Ogólne statystyki
  • Ten quiz został rozwiązany 155 razy
    42 od ostatniego zresetowania
  • Średni wynik to 5 z 10
Statystyki odpowiedzi
Wartość Piłkarz % Poprawnych
180 mln Kylian Mbappe
100%
90 mln Aurelien Tchouameni
73%
90 mln Eduardo Camavinga
73%
60 mln Ousmane Dembele
63%
60 mln Theo Hernandez
55%
60 mln Kolo Muani
45%
60 mln Marcus Thuram
30%
65 mln Kingsley Coman
25%
80 mln William Saliba
23%
70 mln Christopher Nkunku
10%
Nie znaleziono quizów pasujących do podanych kryteriów
Rozkład punktacji
Procent ludzi z każdym wynikiem
Percentyl według liczby udzielonych odpowiedzi
Twoja historia wyników
Nie rozwiązałeś tego quizu od ostatniego zresetowania